Statystyki dla Magiczna Kraina z książek naszego dzieciństwa

Kliknij tutaj aby rozwiązać quiz!

Ogólne statystyki

  • Ten quiz został rozwiązany 25 razy
  • Średni wynik to 2 z 5

Statystyki odpowiedzi

Odpowiedź% Poprawnych
NARNIA
90%
NIBYLANDIA
43%
OZ
38%
KRAINA CZARÓW
33%
DOLINA MUMINKÓW
10%

Rozkład punktacji

Percentyl według liczby udzielonych odpowiedzi

Procent ludzi z każdym wynikiem

Twoja historia wyników

Nie rozwiązałeś tego quizu